| 000 | 00420 a2200157 4500 | ||
|---|---|---|---|
| 999 |
_c7458 _d7458 |
||
| 020 | _a0435447203 | ||
| 050 | _aHF 5001 CAR 2002 | ||
| 100 |
_aCarysforth Carol _eauthor |
||
| 245 |
_aGCSE applied business for Edexcel _c Carol Carysforth |
||
| 264 |
_aOxford: _bHeinenmann, _c2002 |
||
| 300 | _a423p.: | ||
| 500 | _aincludes index | ||
| 650 | _aBusiness | ||
| 700 |
_aMike Neild _eauthor |
||
| 942 |
_2olc _cBK _h5001 _iCAR _kHF |
||